000 00912nmc a2200301 a 4500
003 AR-BaBNM
005 20251128205535.0
008 011101s1992 ||||||||||||||000 | spa||
020 _a987-99286-0-1
040 _cAR-BaBNM
100 1 _aBaby, Gabriela
245 1 0 _aAnte la ley
_bproblemas mayores para gente menor
260 _aBuenos Aires
_bEdiciones El Hacedor
_c1992
300 0 _a48 p.
_bil.
490 0 _aLas cosas claras
500 1 _aAsesoramiento jurídico a cargo de la Agrupación Desorden e Injusticia, Facultad de Derecho de la U.B.A.
650 4 _aPROBLEMAS SOCIALES
650 4 _aVIOLENCIA
650 4 _aJUVENTUD
650 4 _aDERECHOS CIVILES Y POLITICOS
650 4 _aDELINCUENCIA JUVENIL
650 4 _aMALESTAR DE LA JUVENTUD
650 4 _aPARTICIPACION DE LOS JOVENES
650 4 _aLEGISLACION
800 1 _aBombini, Gustavo
_edirector
942 _cBK
998 _csilvi
999 _c11804
_d11804